| 000 | 01165nam a22002657a 4500 | ||
|---|---|---|---|
| 005 | 20101102143642.0 | ||
| 008 | 101102t xxu||||| |||| 00| 0 hin d | ||
| 010 | _aHIN-90946 | ||
| 020 |
_c300.00 _a9789380062105 |
||
| 035 | _aHN-63292 | ||
| 037 | _bDBAD / PUB | ||
| 040 |
_aDPL _bHN |
||
| 082 | _aउ | ||
| 100 |
_924105 _aगिरिजानंदन मणि |
||
| 245 |
_aब्राह्मण शंख बजायेगा / _cगिरिजानंदन मणि द |
||
| 246 |
_aBralman Shankh Bajayega _bCom by Girijanandan Mani |
||
| 260 |
_aपटना _bजागृति साहित्य प्रकाशन _c2009 |
||
| 270 |
_aसाईस कॉलेज के सामने, अशोक राजपथ _bपटना _e800006 |
||
| 300 |
_a190पृ. _c22सेमी (सजिल्द) |
||
| 650 |
_91169 _aहिन्दी कथा साहित्य |
||
| 700 | _924106 | ||
| 700 | _924111 | ||
| 942 |
_2ddc _cHN _hउ _mगिरिजा |
||
| 999 |
_c48552 _d48552 |
||